<?xml version="1.0" encoding="UTF-8"?>
<collection xmlns:xsi="http://www.w3.org/2001/XMLSchema-instance" xsi:schemaLocation="http://www.loc.gov/MARC21/slim http://www.loc.gov/standards/marcxml/schema/MARC21slim.xsd" xmlns="http://www.loc.gov/MARC21/slim">
 <record>
  <leader>00000cam a22000004i 4500</leader>
  <controlfield tag="001">UP-99796217613888240</controlfield>
  <controlfield tag="003">Buklod</controlfield>
  <controlfield tag="005">20231011134916.0</controlfield>
  <controlfield tag="006">m    eq  i        </controlfield>
  <controlfield tag="007">ta</controlfield>
  <controlfield tag="008">231011s2018||||ko a   grb    001 0|kor  </controlfield>
  <datafield tag="020" ind1=" " ind2=" ">
   <subfield code="a">9791162441435</subfield>
  </datafield>
  <datafield tag="035" ind1=" " ind2=" ">
   <subfield code="a">(iLib)UPD-00531971434</subfield>
  </datafield>
  <datafield tag="040" ind1=" " ind2=" ">
   <subfield code="a">DLC</subfield>
   <subfield code="d">DAC</subfield>
   <subfield code="e">rda</subfield>
  </datafield>
  <datafield tag="041" ind1=" " ind2=" ">
   <subfield code="a">kor</subfield>
  </datafield>
  <datafield tag="090" ind1=" " ind2=" ">
   <subfield code="a">PL 915.4</subfield>
   <subfield code="b">P35 2018</subfield>
  </datafield>
  <datafield tag="100" ind1="1" ind2=" ">
   <subfield code="a">Pak, Ki-yŏng</subfield>
   <subfield code="d">1969-</subfield>
   <subfield code="e">author.</subfield>
  </datafield>
  <datafield tag="245" ind1="1" ind2="0">
   <subfield code="a">한국어 발음 어떻게 가르칠까 : 외국어 로서 의 한국어 발음 교육론 = How to teach Korean pronunciation: Theories of teaching Korean pronunciation as a foreign language</subfield>
   <subfield code="c">Pak Ki-yŏng, Yi Chŏng-min.</subfield>
  </datafield>
  <datafield tag="246" ind1="3" ind2="0">
   <subfield code="i">외국어 로서의 한국어 발음 교육론</subfield>
   <subfield code="a">Korean pronunciation education theory as a foreign language</subfield>
  </datafield>
  <datafield tag="250" ind1=" " ind2=" ">
   <subfield code="a">Ch'op'an.</subfield>
  </datafield>
  <datafield tag="264" ind1=" " ind2="1">
   <subfield code="c">2018.</subfield>
   <subfield code="a">Sŏul-si</subfield>
   <subfield code="b">Yŏngnak</subfield>
  </datafield>
  <datafield tag="300" ind1=" " ind2=" ">
   <subfield code="a">206 pages</subfield>
   <subfield code="b">illustrations</subfield>
   <subfield code="c">23 cm.</subfield>
  </datafield>
  <datafield tag="336" ind1=" " ind2=" ">
   <subfield code="a">text</subfield>
   <subfield code="2">rdacontent</subfield>
  </datafield>
  <datafield tag="337" ind1=" " ind2=" ">
   <subfield code="a">unmediated</subfield>
   <subfield code="2">rdamedia</subfield>
  </datafield>
  <datafield tag="338" ind1=" " ind2=" ">
   <subfield code="2">rdacarrier</subfield>
   <subfield code="a">volume</subfield>
  </datafield>
  <datafield tag="504" ind1=" " ind2=" ">
   <subfield code="a">Includes bibliographical references (pages 197-201) and index.</subfield>
  </datafield>
  <datafield tag="650" ind1=" " ind2="0">
   <subfield code="x">Pronunciation</subfield>
   <subfield code="a">Korean language</subfield>
   <subfield code="x">Study and teaching.</subfield>
  </datafield>
  <datafield tag="650" ind1=" " ind2="0">
   <subfield code="a">Korean language</subfield>
   <subfield code="x">Pronunciation by foreign speakers.</subfield>
  </datafield>
  <datafield tag="650" ind1=" " ind2="0">
   <subfield code="a">Korean language</subfield>
   <subfield code="x">Study and teaching</subfield>
   <subfield code="x">Foreign speakers.</subfield>
  </datafield>
  <datafield tag="700" ind1="1" ind2=" ">
   <subfield code="c">(Korean language instructor)</subfield>
   <subfield code="a">Yi, Chŏng-min</subfield>
   <subfield code="e">author.</subfield>
  </datafield>
  <datafield tag="905" ind1=" " ind2=" ">
   <subfield code="a">FO</subfield>
  </datafield>
  <datafield tag="852" ind1="0" ind2=" ">
   <subfield code="a">UPD</subfield>
   <subfield code="b">DAC</subfield>
   <subfield code="h">PL 915.4</subfield>
   <subfield code="i">P35 2018</subfield>
  </datafield>
  <datafield tag="942" ind1=" " ind2=" ">
   <subfield code="a">Book</subfield>
  </datafield>
 </record>
</collection>
